|
|
|
|
| LEADER |
00000nam0a2200000 4500 |
| 001 |
93950 |
| 005 |
20231031105441.0 |
| 035 |
|
|
|a (RuTPU)RU\TPU\book\100641
|
| 090 |
|
|
|a 93950
|
| 100 |
|
|
|a 20060405d1968 m y0rusy50 ca
|
| 101 |
0 |
|
|a rus
|
| 102 |
|
|
|a RU
|
| 105 |
|
|
|a a j 000zy
|
| 200 |
1 |
|
|a Основы термодинамики, газовой динамики и теплопередачи
|e учебник для среднего специального образования
|f С. И. Исаев [и др.]
|g под ред. В. И. Хвостова
|
| 210 |
|
|
|a Москва
|c Машиностроение
|d 1968
|
| 215 |
|
|
|a 275 с.
|c ил.
|
| 610 |
1 |
|
|a термодинамика
|
| 610 |
1 |
|
|a газовая динамика
|
| 610 |
1 |
|
|a учебники
|
| 610 |
1 |
|
|a теплопередача
|
| 610 |
1 |
|
|a теплообмен
|
| 610 |
1 |
|
|a законы термодинамики
|
| 675 |
|
|
|a 621.1.016.7(075.32)
|v 3
|
| 675 |
|
|
|a 621.1.016.4(075.32)
|v 3
|
| 675 |
|
|
|a 536(075.32)
|v 3
|
| 701 |
|
1 |
|a Исаев
|b С. И.
|g Сергей Иванович
|
| 701 |
|
1 |
|a Миронов
|b Б. М.
|g Борис Михайлович
|
| 701 |
|
1 |
|a Никитин
|b В. М.
|g Виктор Михайлович
|
| 701 |
|
1 |
|a Хвостов
|b В. И.
|g Виктор Иванович
|
| 702 |
|
1 |
|a Хвостов
|b В. И.
|g Виктор Ефимович
|4 340
|
| 801 |
|
1 |
|a RU
|b 63413507
|c 20060405
|g PSBO
|
| 801 |
|
2 |
|a RU
|b 63413507
|c 20220922
|g PSBO
|
| 942 |
|
|
|c BK
|